| 000 -LEADER |
| fixed length control field |
00583nam a22001817a 4500 |
| 008 - FIXED-LENGTH DATA ELEMENTS--GENERAL INFORMATION |
| fixed length control field |
150511b xxu||||| |||| 00| 0 eng d |
| 020 ## - INTERNATIONAL STANDARD BOOK NUMBER |
| International Standard Book Number |
9780077331214 (spiral : alk. paper) |
| 020 ## - INTERNATIONAL STANDARD BOOK NUMBER |
| International Standard Book Number |
0077331214 (spiral : alk. paper) |
| 041 0# - LANGUAGE CODE |
| Language code of text/sound track or separate title |
eng |
| 080 ## - UNIVERSAL DECIMAL CLASSIFICATION NUMBER |
| Universal Decimal Classification number |
004 |
| 100 ## - Rafti |
| Rafti |
Stewart, Kathleen, |
| 100 ## - Rafti |
| -- |
1951- |
| 245 ## - TITLE STATEMENT |
| Title |
Microsoft Office Excel 2010 : |
| Statement of responsibility, etc |
Kathleen Stewart. |
| 260 ## - |
| -- |
New York : |
| -- |
McGraw-Hill, |
| -- |
c2011. |
| 300 ## - |
| -- |
775 f |
| -- |
me il |
| -- |
28 cm. |
| 650 #0 - |
| -- |
Business |
| -- |
Programet kompjuterike |
| 650 #0 - |
| -- |
Electronic spreadsheets. |
| 942 ## - ADDED ENTRY ELEMENTS (KOHA) |
| Source of classification or shelving scheme |
|
| Item type |
Books |